Statistiques concernant Les 100 agglomérations les plus peuplées d'Asie sur une carte

Cliquez ici pour prendre le quiz!

Statistiques générales

  • Ce quiz a été pris 166 fois
  • Le résultat moyen est 48 sur 100

Réponses sur la Carte

Les réponses sont colorées sur une échelle allant du rouge au vert en fonction du pourcentage des utilisateurs qui les ont devinées à leur premier essai. Vous pouvez retrouver ces pourcentages ci-dessous.
 

Statistiques - réponses

PaysPopulationVille% Correct
Inde33,400,000Delhi
100%
Turquie16,100,000Istanbul
100%
Japon40,800,000Tokyo
100%
Chine20,900,000Pékin
99%
Corée du Sud24,900,000Séoul
99%
Indonésie28,900,000Jakarta
97%
Chine40,000,000Shanghaï
97%
Inde26,600,000Mumbai
96%
Thaïlande20,500,000Bangkok
94%
Philippines26,700,000Manille
94%
Iran16,200,000Téhéran
94%
Turquie5,200,000Ankara
92%
Singapour7,750,000Singapour
90%
Chine67,800,000Canton
89%
Arabie Saoudite9,150,000Riyad
89%
Irak7,500,000Bagdad
88%
Émirats Arabes Unis6,600,000Dubaï
88%
Inde17,400,000Calcutta
86%
Chine7,300,000Hong-Kong
86%
Taïwan9,200,000Taipei
86%
Bangladesh21,300,000Dacca
84%
Japon17,700,000Osaka
84%
Syrie3,800,000Damas
82%
Vietnam7,000,000Hanoï
82%
Israël2,925,000Tel Aviv-Jaffa
82%
Malaisie9,100,000Kuala Lumpur
81%
Corée du Nord2,975,000Pyongyang
81%
Vietnam13,500,000Hô Chi Minh-Ville
79%
Afghanistan4,800,000Kaboul
77%
Pakistan19,100,000Karachi
77%
Chine11,800,000Wuhan
70%
Koweit4,200,000Kuwait City
67%
Jordanie5,850,000Amman
66%
Yémen3,075,000Sana'a
65%
Inde13,700,000Bangalore
63%
Pakistan14,400,000Lahore
63%
Sri Lanka4,900,000Colombo
60%
Turquie3,025,000Izmir
58%
Népal3,075,000Katmandou
58%
Japon10,500,000Nagoya
58%
Corée du Sud4,000,000Busan
55%
Birmanie6,000,000Rangoun
55%
Inde12,200,000Chennai
54%
Chine12,300,000Xian
54%
Arabie Saoudite5,500,000Djeddah
53%
Inde11,100,000Hyderabad
51%
Chine11,400,000Tianjin
50%
Chine16,600,000Chengdu
48%
Chine10,500,000Chongqing
46%
Ouzbékistan3,600,000Tachkent
46%
Iran3,350,000Ispahan
43%
Inde9,300,000Ahmedabad
42%
Indonésie6,900,000Bandung
41%
Chine9,050,000Nanjing
41%
Chine4,725,000Ürümqi
41%
Chine14,500,000Xiamen
38%
Bangladesh4,650,000Chittagong
36%
Inde4,275,000Jaipur
36%
Indonésie5,900,000Surabaya
36%
Inde7,550,000Pune
34%
Chine5,400,000Harbin
32%
Iran3,350,000Machhad
29%
Chine7,250,000Qingdao
26%
Chine13,400,000Hangzhou
25%
Inde7,450,000Surat
24%
Inde4,000,000Lucknow
23%
Indonésie4,150,000Medan
23%
Chine5,150,000Dalian
22%
Chine4,550,000Fuzhou
22%
Chine8,550,000Shenyang
22%
Pakistan3,950,000Faisalabad
20%
Chine7,500,000Hefei
19%
Inde3,450,000Nagpur
19%
Chine10,500,000Changsha
18%
Inde3,525,000Indore
17%
Chine6,250,000Kunming
16%
Chine9,450,000Zhengzhou
16%
Pakistan3,725,000Rawalpindi
15%
Chine6,350,000Jinan
14%
Inde3,600,000Kanpur
14%
Chine8,000,000Shantou
14%
Chine3,400,000Lanzhou
13%
Chine7,100,000Ningbo
12%
Inde2,925,000Coimbatore
10%
Chine5,100,000Nanning
10%
Chine5,750,000Taiyuan
10%
Chine5,100,000Wenzhou
10%
Chine3,800,000Zibo
10%
Chine4,900,000Changchun
9%
Chine4,850,000Guiyang
8%
Chine6,000,000Shijiazhuang
7%
Inde3,175,000Bhilai
6%
Chine4,800,000Nanchang
6%
Chine3,000,000Xuzhou
6%
Pakistan3,075,000Gujranwala
5%
Chine3,250,000Nantong
4%
Chine4,300,000Linyi
3%
Chine3,450,000Luoyang
2%
Chine3,075,000Weifang
2%
Chine3,025,000Jiangyin
1%

Distribution des résultats

Percentile par nombre de réponses

% des personnes avec chaque résultat

Votre développement - résultats

Vous n’avez pas pris ce quiz